Gaming Quiz

Random Gaming or Video Games Quiz
Score 0/142 Timer 15:00
0 Plays Today
Subtitle Game % Correct
Ocarina of TimeThe Legend of Zelda
95.3%
MeleeSuper Smash Bros.
90.7%
Arkham AsylumBatman
88.4%
SkyrimThe Elder Scrolls V
88.4%
San AndreasGrand Theft Auto
88.4%
The Sands of TimePrince of Persia
88.4%
Double Dash!Mario Kart
86%
Other MMetroid
86%
Dante's AwakeningDevil May Cry 3
83.7%
Nightmare in DreamlandKirby
83.7%
The Wrath of CortexCrash Bandicoot
81.4%
New VegasFallout
81.4%
Raving RabidsRayman
81.4%
Drake's FortuneUncharted
81.4%
New LeafAnimal Crossing
79.1%
Black FlagAssassin's Creed
79.1%
Diddy's Kong-QuestDonkey Kong Country 2
79.1%
Advanced WarfareCall of Duty
76.7%
Symphony of the NightCastlevania
76.7%
Omega RubyPokemon
76.7%
Up Your ArsenalRatchet & Clank
76.7%
Legends of RockGuitar Hero 3
74.4%
Path of NeoThe Matrix
74.4%
& KnucklesSonic The Hedgehog 3
74.4%
Red AlertCommand & Conquer
72.1%
The Umbrella ChroniclesResident Evil
72.1%
Yoshi's IslandSuper Mario World 2
72.1%
Human RevolutionDeus Ex
69.8%
Chains of OlympusGod of War
69.8%
Battlefront IIStar Wars
69.8%
Enter the GeckoGex
67.4%
The Thousand Year DoorPaper Mario
67.4%
Wrath of the Lich KingWorld of Warcraft
67.4%
Bowser's Inside StoryMario and Luigi
65.1%
InfiniteBioshock
62.8%
Abe's OddyseeOddworld
62.8%
Enter the DragonflySpyro
62.8%
Nuts & BoltsBanjo-Kazooie
58.1%
InquisitionDragon Age
58.1%
Crystal ChroniclesFinal Fantasy
58.1%
Enemy UnknownX-COM
58.1%
6 Golden CoinsSuper Mario Land 2
55.8%
Bad CompanyBattlefield
55.8%
The PresequelBorderlands
55.8%
Blood MoneyHitman II
55.8%
Most WantedNeed For Speed
55.8%
BFG EditionDoom 3
53.5%
Chain of MemoriesKingdom Hearts
53.5%
Subtitle Game % Correct
Battle NetworkMega Man
53.5%
Thieves in TimeSly Cooper
53.5%
Plus CatsNintendogs
51.2%
The Curious VillageProfessor Layton
51.2%
Undead NightmareRed Dead Redemption
51.2%
GXF-Zero
48.8%
Mega Microgame$WarioWare
48.8%
Global OffensiveCounter-Strike
46.5%
Last LightMetro
46.5%
Toadstool TourMario Golf
46.5%
Soul ReaverLegacy of Kain
44.2%
Pandora TomorrowTom Clancy's Splinter Cell
44.2%
The Dark DescentAmnesia
41.9%
Tactical Espionage ActionMetal Gear Solid
41.9%
TrickySSX
41.9%
The Dark ProjectThief
41.9%
Heroes of WarcraftHearthstone
41.9%
Wild HuntThe Witcher 3
41.9%
Beyond EarthCivilization
39.5%
Kitchen MagicCooking Mama
39.5%
The Precursor LegacyJak and Daxter
39.5%
The HeistPayday
39.5%
The ThirdSaint's Row
39.5%
UnderworldTomb Raider
39.5%
ArmageddonWorms
39.5%
Trials and TribulationsPhoenix Wright: Ace Attorney
37.2%
RiptideDead Island
37.2%
UprisingKid Icarus
37.2%
Second SunInfamous
34.9%
HomecomingSilent Hill
34.9%
Reaper of SoulsDiablo III
32.6%
ForeverDuke Nukem
32.6%
Dark MoonLuigi's Mansion
32.6%
Alpha 3Street Fighter
32.6%
Banana BlitzSuper Monkey Ball
32.6%
The Devil's CartelArmy of Two
30.2%
Door to PhantomileKlonoa
30.2%
Under the KnifeTrauma Center
30.2%
Shake It!Wario Land
30.2%
Crimson ButterflyFatal Frame II
27.9%
Rise of LyricSonic Boom
25.6%
Temple of the FrogFrogger's Adventures
23.3%
The Mayan AdventurePitfall
23.3%
GuerillaRed Faction
23.3%
The New OrderWolfenstein
23.3%
Claws Encounters of the Furred KindBubsy
20.9%
Bound in BloodCall of Juarez
20.9%
JudgementGears of War
20.9%
Subtitle Game % Correct
The Ghostly AdventuresPac-Man
20.9%
Heart of the SwarmStarcraft II
20.9%
San FrancisoDriver
18.6%
The Power of 2Epic Mickey 2
18.6%
A Wonderful LifeHarvest Moon
18.6%
The ExperienceMichael Jackson
18.6%
AirborneMedal of Honor
18.6%
Trap TeamSkylanders
18.6%
Ghost WarriorSniper
18.6%
Future Legend of Rhythm AlienBit.Trip Runner2
16.3%
Catch a RideCrazy Taxi
16.3%
Fight for NYDef Jam
16.3%
Hour of DarknessDisgaea
16.3%
Project OriginF.E.A.R.
16.3%
Quest for the CrownKing's Quest
16.3%
WarbandMount & Blade
16.3%
Panic on FunkatronToeJam & Earl
16.3%
Dark AllianceBaldur's Gate
14%
Blood on the SandFifty Cent
14%
ReckoningKingdoms of Amalur
14%
No Need to Hide When It's Dark OutsidePajama Sam
14%
Makin' MagicThe Sims
14%
Clear SkyS.T.A.L.K.E.R.
14%
Red Hot RumbleViewtiful Joe
14%
Ascension of the METATRONEl Shaddai
11.6%
Big Willy UnleashedDestroy All Humans!
11.6%
Tides of TimeEcco the Dolphin
11.6%
Advanced WarfighterTom Clancy's Ghost Recon
11.6%
Extreme ConditionLost Planet
11.6%
Desperate StruggleNo More Heroes 2
11.6%
Saves the ZooPutt-Putt
11.6%
Total DestructionRampage
11.6%
The TribesLemmings 2
9.3%
The GrandmasterTetris
9.3%
Project 8Tony Hawk
9.3%
SilmeriaValkyrie Profile 2
9.3%
Park PatrolChibi-Robo
7%
BloodshotCondemned 2
7%
The Second AttackBomberman 64
4.7%
DimensionsDead or Alive
4.7%
The City of Lost HeavenMafia
4.7%
Dragon SwordNinja Gaiden
4.7%
NX AbsolutePump it Up
4.7%
Supernova 2Dance Dance Revolution
2.3%
EdenPixelJunk
2.3%
ConfrontationSOCOM
2.3%
Remove Ads.
Support Sporcle.
Get the best of Sporcle when you Go Orange. This ad-free experience offers more features, more stats, and more fun while also helping to support Sporcle. Thank you for becoming a member.

You're not logged in!

Compare scores with friends on all Sporcle quizzes.
OR
Log In

Show Comments

Extras

Top Quizzes Today


Score Distribution

Your Account Isn't Verified!

In order to create a playlist on Sporcle, you need to verify the email address you used during registration. Go to your Sporcle Settings to finish the process.

Report this User

Report this user for behavior that violates our Community Guidelines.

Details: